000 00575cab a2200229 4500
001 ABS60346
008 090401t1999 xxu||||| |||| 00| 0 eng d
035 _a(Sirsi) u92022
041 _aeng
100 _aAstley, G.
245 _aBetter standards for listed building consent
260 _c1999
350 _a0
490 _aContext
_v(61) March 1999, 21-23(3)
650 _aAPPLICATIONS
650 _aCONSERVATION AREAS
650 _aLISTED BUILDING CONSENT
650 _aSTANDARDS
690 _aPLANNING LAW AND PRACTICE
942 _n0
948 _c12/03/1999
999 _c58358
_d58358